000 01053cad a22001935a 4500
001 E150248
008 100616e20100504xxk v 000 0 eng d
035 _a(Sirsi) u150248
041 0 _aeng
245 0 0 _aGreenbelt Property Limited v John Riggens and Another
_bopinion
_h[electronic resource]
260 _c2010
520 _aLTS/LR/2008/30. 4 May 2010. Relates to an application to determine the validity and enforceability of three title conditions under the Title Conditions (Scotland) Act 2003 S90(1)(a)(ii). The conditions in question related to the planting and establishment of amenity woodland; the management of such woodland; and a right of redemption. "Held: application granted.
650 2 4 _aGREENBELT PROPERTY LTD V RIGGENS AND ANOR
650 2 4 _aTITLE CONDITIONS (SCOTLAND) ACT 2003
651 4 _aScotland
_y1999-
690 _aPlanning and development
_96259
856 4 0 _uhttps://www.lands-tribunal-scotland.org.uk/decisions/LTS.TC.2008.30.html
_zView the decision free of charge at www.lands-tribunal-scotland.org.uk
942 _n0
999 _c82432
_d82432